Dùng vi khuẩn khử khoáng và khử protein trong vỏ tôm để sản xuất Chitin : (Chuyên ngành công nghệ sinh học)
Nội dung đề tài tìm hiểu về khả năng tách chiết chitin bằng phương pháp sinh học, từ đó chúng tôi tiến hành thí nghiệm lên men vỏ tôm với chế phẩm vi khuẩn
שמור ב:
| מחבר ראשי: | |
|---|---|
| פורמט: | ספר |
| שפה: | Undetermined |
| יצא לאור: |
Cần Thơ
Đại học Cần Thơ
2008
|
| נושאים: | |
| תגים: |
הוספת תג
אין תגיות, היה/י הראשונ/ה לתייג את הרשומה!
|
| Thư viện lưu trữ: | Trung tâm Học liệu Trường Đại học Cần Thơ |
|---|
| LEADER | 00999nam a2200217Ia 4500 | ||
|---|---|---|---|
| 001 | CTU_135896 | ||
| 008 | 210402s9999 xx 000 0 und d | ||
| 082 | |a 660.6 | ||
| 082 | |b X502 | ||
| 088 | |a 60420201 | ||
| 100 | |a Chu, Đức Xuân | ||
| 245 | 0 | |a Dùng vi khuẩn khử khoáng và khử protein trong vỏ tôm để sản xuất Chitin : | |
| 245 | 0 | |b (Chuyên ngành công nghệ sinh học) | |
| 245 | 0 | |c Chu Đức Xuân, Nguyễn Văn Bá | |
| 260 | |a Cần Thơ | ||
| 260 | |b Đại học Cần Thơ | ||
| 260 | |c 2008 | ||
| 520 | |a Nội dung đề tài tìm hiểu về khả năng tách chiết chitin bằng phương pháp sinh học, từ đó chúng tôi tiến hành thí nghiệm lên men vỏ tôm với chế phẩm vi khuẩn | ||
| 650 | |a Agricultural biotechnology,Sinh học trong nông nông nghiệp | ||
| 904 | |i Tuyến | ||
| 980 | |a Trung tâm Học liệu Trường Đại học Cần Thơ | ||